| 000 | 00641nam a2200217Ia 4500 | ||
|---|---|---|---|
| 005 | 20220803153050.0 | ||
| 008 | 131103s9999 xx 000 0 und d | ||
| 040 | _aLoreto College | ||
| 041 | _aEnglish | ||
| 082 |
_a551.5 _bTRE |
||
| 100 | _aTrewartha, Glenn T. | ||
| 245 | 3 |
_aAn introduction to climate _cGlenn T. Trewartha |
|
| 250 | _a3rd Edition | ||
| 260 |
_aNew York _bMc - Graw - Hill _c1954 |
||
| 300 |
_avi, 402 p. _b ill., charts,fig., maps, tables |
||
| 504 | _aIncludes bibliographical references, appendices, index | ||
| 650 | _aGeology | ||
| 651 | _aGeology - Climatology and weather | ||
| 850 | _aLCLIB | ||
| 942 | _cBK | ||
| 999 |
_c2745 _d53224 |
||